| 000 | 00643nam a2200193Ii 4500 | ||
|---|---|---|---|
| 003 | JO-AjNU | ||
| 008 | 230605s9999||||xx |||||||||||||| ||und|| | ||
| 040 |
_aJO-AjNU _bara _erda _cJO-AjNU |
||
| 041 | _aara | ||
| 050 | 1 | 4 | _aQD402 |
| 100 | 3 |
_aنيك ، د,ف؛ ترجمة احمد عيد السلام, _eauthor _940457 |
|
| 245 | 0 | 0 | _aميكانيكا الكم |
| 264 | 3 | 1 | _aالقاهرة ,مكتبة المطبوعات ، د.ت |
| 300 | _a460ص | ||
| 336 |
_atext _btxt _2rdacontent |
||
| 337 |
_aunmediated _bn _2rdamedia |
||
| 338 |
_avolume _bnc _2rdacarrier |
||
| 650 | 4 |
_aميكانيا الكم -الكيمياء الكمية _940458 |
|
| 999 |
_aA17171 _c20739 _d20739 |
||